000
00192nam a22000857a 4500
999
_c
5820
_d
5820
082
_a
004.22
100
_a
Hennessy, John L.
245
_a
Computer Architecture :A Quantitative Approach
942
_c
BK